<?xml version="1.0" encoding="UTF-8"?>
<record
    xmlns:xsi="http://www.w3.org/2001/XMLSchema-instance"
    xsi:schemaLocation="http://www.loc.gov/MARC21/slim http://www.loc.gov/standards/marcxml/schema/MARC21slim.xsd"
    xmlns="http://www.loc.gov/MARC21/slim">

  <leader>00551nam a2200157   4500</leader>
  <datafield tag="999" ind1=" " ind2=" ">
    <subfield code="c">2876</subfield>
    <subfield code="d">2876</subfield>
  </datafield>
  <controlfield tag="008">200317b           ||||| |||| 00| 0 eng d</controlfield>
  <datafield tag="082" ind1="0" ind2="0">
    <subfield code="a">623.87236 </subfield>
    <subfield code="b">L2181</subfield>
  </datafield>
  <datafield tag="100" ind1=" " ind2=" ">
    <subfield code="9">785</subfield>
    <subfield code="a">Lamb, John</subfield>
  </datafield>
  <datafield tag="245" ind1="1" ind2="0">
    <subfield code="a">Running and Maintenance of the marine diesel engine /</subfield>
  </datafield>
  <datafield tag="250" ind1=" " ind2=" ">
    <subfield code="a">6th ed.</subfield>
  </datafield>
  <datafield tag="260" ind1=" " ind2=" ">
    <subfield code="a">London</subfield>
    <subfield code="b">Charles Griffin &amp; Co</subfield>
    <subfield code="c">1957</subfield>
  </datafield>
  <datafield tag="300" ind1=" " ind2=" ">
    <subfield code="a">vii, 432 p.</subfield>
  </datafield>
  <datafield tag="500" ind1=" " ind2=" ">
    <subfield code="a">A reference book for engineers of the merchant navy and those seeking a working knowledge of marine diesel engines</subfield>
  </datafield>
  <datafield tag="650" ind1=" " ind2="0">
    <subfield code="a">Marine Diesel Motors</subfield>
  </datafield>
  <datafield tag="942" ind1=" " ind2=" ">
    <subfield code="2">ddc</subfield>
    <subfield code="c">BK</subfield>
  </datafield>
  <datafield tag="952" ind1=" " ind2=" ">
    <subfield code="0">0</subfield>
    <subfield code="1">0</subfield>
    <subfield code="2">ddc</subfield>
    <subfield code="4">0</subfield>
    <subfield code="6">623_872360000000000_L2181</subfield>
    <subfield code="7">0</subfield>
    <subfield code="9">7710</subfield>
    <subfield code="a">CL</subfield>
    <subfield code="b">CL</subfield>
    <subfield code="d">1978-10-24</subfield>
    <subfield code="o">623.87236  L2181</subfield>
    <subfield code="p">05007</subfield>
    <subfield code="r">2020-03-17</subfield>
    <subfield code="y">BK</subfield>
  </datafield>
  <datafield tag="952" ind1=" " ind2=" ">
    <subfield code="0">0</subfield>
    <subfield code="1">0</subfield>
    <subfield code="2">ddc</subfield>
    <subfield code="4">0</subfield>
    <subfield code="6">623_872360000000000_L2181</subfield>
    <subfield code="7">0</subfield>
    <subfield code="9">7711</subfield>
    <subfield code="a">CL</subfield>
    <subfield code="b">CL</subfield>
    <subfield code="d">1978-10-24</subfield>
    <subfield code="o">623.87236  L2181</subfield>
    <subfield code="p">05008</subfield>
    <subfield code="r">2020-03-17</subfield>
    <subfield code="y">BK</subfield>
  </datafield>
  <datafield tag="952" ind1=" " ind2=" ">
    <subfield code="0">0</subfield>
    <subfield code="1">0</subfield>
    <subfield code="2">ddc</subfield>
    <subfield code="4">0</subfield>
    <subfield code="6">623_872360000000000_L2181</subfield>
    <subfield code="7">0</subfield>
    <subfield code="9">8819</subfield>
    <subfield code="a">CL</subfield>
    <subfield code="b">CL</subfield>
    <subfield code="d">2020-03-31</subfield>
    <subfield code="o">623.87236  L2181</subfield>
    <subfield code="p">05850</subfield>
    <subfield code="r">2020-03-31</subfield>
    <subfield code="y">BK</subfield>
  </datafield>
  <datafield tag="952" ind1=" " ind2=" ">
    <subfield code="0">0</subfield>
    <subfield code="1">0</subfield>
    <subfield code="2">ddc</subfield>
    <subfield code="4">0</subfield>
    <subfield code="6">623_872360000000000_L2181</subfield>
    <subfield code="7">0</subfield>
    <subfield code="9">8864</subfield>
    <subfield code="a">CL</subfield>
    <subfield code="b">CL</subfield>
    <subfield code="d">2020-04-08</subfield>
    <subfield code="o">623.87236  L2181</subfield>
    <subfield code="p">05927</subfield>
    <subfield code="r">2020-04-08</subfield>
    <subfield code="y">BK</subfield>
  </datafield>
  <datafield tag="952" ind1=" " ind2=" ">
    <subfield code="0">0</subfield>
    <subfield code="1">0</subfield>
    <subfield code="2">ddc</subfield>
    <subfield code="4">0</subfield>
    <subfield code="6">623_872360000000000_L2181</subfield>
    <subfield code="7">0</subfield>
    <subfield code="9">9732</subfield>
    <subfield code="a">CL</subfield>
    <subfield code="b">CL</subfield>
    <subfield code="d">2020-06-19</subfield>
    <subfield code="o">623.87236  L2181</subfield>
    <subfield code="p">06497</subfield>
    <subfield code="r">2020-06-19</subfield>
    <subfield code="y">BK</subfield>
  </datafield>
  <datafield tag="952" ind1=" " ind2=" ">
    <subfield code="0">0</subfield>
    <subfield code="1">0</subfield>
    <subfield code="2">ddc</subfield>
    <subfield code="4">0</subfield>
    <subfield code="6">623_872360000000000_L2181</subfield>
    <subfield code="7">0</subfield>
    <subfield code="9">10558</subfield>
    <subfield code="a">CL</subfield>
    <subfield code="b">CL</subfield>
    <subfield code="d">2020-06-26</subfield>
    <subfield code="l">1</subfield>
    <subfield code="o">623.87236  L2181</subfield>
    <subfield code="p">06662</subfield>
    <subfield code="r">2023-03-07</subfield>
    <subfield code="s">2023-02-22</subfield>
    <subfield code="y">BK</subfield>
  </datafield>
  <datafield tag="952" ind1=" " ind2=" ">
    <subfield code="0">0</subfield>
    <subfield code="1">0</subfield>
    <subfield code="2">ddc</subfield>
    <subfield code="4">0</subfield>
    <subfield code="6">623_872360000000000_L2181</subfield>
    <subfield code="7">0</subfield>
    <subfield code="9">10559</subfield>
    <subfield code="a">CL</subfield>
    <subfield code="b">CL</subfield>
    <subfield code="d">2020-06-26</subfield>
    <subfield code="o">623.87236  L2181</subfield>
    <subfield code="p">06663</subfield>
    <subfield code="r">2020-06-26</subfield>
    <subfield code="y">BK</subfield>
  </datafield>
  <datafield tag="952" ind1=" " ind2=" ">
    <subfield code="0">0</subfield>
    <subfield code="1">0</subfield>
    <subfield code="2">ddc</subfield>
    <subfield code="4">0</subfield>
    <subfield code="6">623_872360000000000_L2181</subfield>
    <subfield code="7">0</subfield>
    <subfield code="9">10954</subfield>
    <subfield code="a">CL</subfield>
    <subfield code="b">CL</subfield>
    <subfield code="d">2020-07-03</subfield>
    <subfield code="o">623.87236  L2181</subfield>
    <subfield code="p">06892</subfield>
    <subfield code="r">2020-07-03</subfield>
    <subfield code="y">BK</subfield>
  </datafield>
</record>
